000 00576nam a22002057a 4500
003 OSt
005 20170117181603.0
008 170117b xxu||||| |||| 00| 0 eng d
020 _a9781405180092
040 _cDMLN
082 _aMW270 D85p 2010
100 _aEdited by Philips,Peter; Mckeown, Olive; Sandford, Tom
_911404
245 _aDual Diagnosis: practice in context
260 _aUK; Blackwell, 2010
300 _axxi,266p; ill: 24cm
504 _aReferences, & index included
650 _aMental health
_93237
650 _aPsychiatry
_9351
942 _2z
_cO_SHELF
999 _c5458
_d5458